| 000 | 01050nam a2200289 i 4500 | ||
|---|---|---|---|
| 003 | EG-GICUC | ||
| 005 | 20260427084053.0 | ||
| 008 | 260427s1952 ne |fr|||| 000 0 eng d | ||
| 040 |
_aEG-GiCUC _beng _cEG-GiCUC _dEG-GiCUC _erda |
||
| 041 | 0 | _aeng | |
| 082 | 0 | 4 |
_221 _a341.511 _bCA |
| 092 | 0 | 4 | _221 |
| 099 | _aLaw1 11 341.511 CA 1952 | ||
| 245 | 0 | 0 |
_aCase Concerning Right Of Nationals Of The United States Of America In Morocco : _b(France F. United States Of America). |
| 246 | 1 | 1 |
_aAffaire Relative Aux Droits Des Ressortissants Des États-unis D'amérique AU Maroc: _b(France C. États-unis D'amérique). |
| 264 | 1 |
_aNetherlands : _bCour Internationale De Justice, _c1952. |
|
| 300 |
_a233 pages, _c24 cm. |
||
| 336 |
_2rda content _atext |
||
| 337 |
_2rda media _aComputer |
||
| 338 |
_2rda carrier _aOnline Resource |
||
| 500 | _a27 Août 1952 Arrêt | ||
| 546 | _aText in English | ||
| 650 | 1 | 4 | _aPublic international law |
| 856 | 4 | 0 | _uhttps://fll.law.cu.edu.eg/fulltext/bks/B11-07982.pdf |
| 905 | _a48 | ||
| 942 |
_2ddc _cBK _e21 _n0 |
||
| 999 |
_c73546 _d73546 |
||